Gaming Quiz

Random Gaming or Basketball Quiz

Top 5 Roblox Basketball Players Quiz Stats

Quiz not verified by Sporcle

Challenge
Share
Tweet
Embed
Score 0/5 Timer 10:00
0 Plays Today
2014 Balling % Correct
Amazing just utterly amazing name is P_ndPund
75.9%
SgtHust_rSgtHustler
48.3%
Created Realistic Basketball seriesJokes4lifex
37.9%
Created FCBL First-Class Basketball LeagueKvshKingston
20.7%
Created the group Gardena HighschoolLouieeDriveriii
6.9%

You're not logged in!

Compare scores with friends on all Sporcle quizzes.
Sign Up with Email
OR
Log In

You Might Also Like...

Show Comments

Extras

Top Quizzes Today


Score Distribution

Your Account Isn't Verified!

In order to create a playlist on Sporcle, you need to verify the email address you used during registration. Go to your Sporcle Settings to finish the process.